Memorias de la Junta Directiva y del director facultativo de las obras (Record no. 185175)

MARC details
000 -LEADER
campo de control de longitud fija 00740nam a2200157 i 4500
001 - NÚMERO DE CONTROL
campo de control 185175
003 - IDENTIFICADOR DE NÚMERO DE CONTROL
campo de control ES-MaACL
005 - FECHA Y HORA DE LA ÚLTIMA TRANSACCIÓN
campo de control 20230906222349.0
008 - DATOS DE LONGITUD FIJA--INFORMACIÓN GENERAL
campo de control de longitud fija 160404s1887 sp |||| | spa d
111 2# - ENTRADA PRINCIPAL--NOMBRE DE CONGRESO/REUNIÓN
Nombre de congreso/reunión o jurisdicción como elemento de entrada Exposición Universal (
Fecha del congreso o de la firma del tratado 1888.
Sede del congreso/Lugar de la reunión Barcelona)
9 (RLIN) 153421
245 10 - MENCIÓN DEL TÍTULO
Título Memorias de la Junta Directiva y del director facultativo de las obras
Resto del título : plano general del certamen, se publica por acuerdo del Excmo. Ayuntamiento de 25 de abril de 1887.
260 ## - PUBLICACIÓN, DISTRIBUCIÓN, ETC.
Lugar de publicación, distribución, etc. Barcelona :
Nombre del editor, distribuidor, etc. [s.n.],
Fecha de publicación, distribución, etc. 1887 (
Fabricante Est. tip. de los Sucesores de N. Ramirez)
300 ## - DESCRIPCIÓN FÍSICA
Extensión 22 p., [1] plano pleg. col. ;
Dimensiones 25 cm.
611 2# - PUNTO DE ACCESO ADICIONAL DE MATERIA--NOMBRE DE REUNIÓN/CONGRESO
Nombre de congreso/reunión o jurisdicción como elemento de entrada Exposición Universal.
Fecha del congreso o de la firma del tratado 1888.
Sede del congreso/Lugar de la reunión Barcelona)
9 (RLIN) 153421
852 ## - LOCALIZACIÓN
Ubicación ES-MaACL
Número de control de estantería T-451-F-9
Nota libre - Enc. en un vol. facticio falto de la cub. original
Holdings
Estatus retirado Estado de pérdida Estado de daño No para préstamo Colección Biblioteca de origen Biblioteca actual Ubicación en estantería Fecha de adquisición Fuente de adquisición Total de préstamos Signatura topográfica completa Código de barras Visto por última vez Precio de reemplazo Tipo de ítem Koha
        Colección de folletos Biblioteca del Ateneo de Madrid Biblioteca del Ateneo de Madrid Depósito folletos 04/04/2016     T-451-F-9 1195055 23/02/2023 23/02/2023 Folleto